| 000 | 00578nam a2200181 4500 | ||
|---|---|---|---|
| 001 | 139924 | ||
| 003 | ES-MaACL | ||
| 005 | 20230906195940.0 | ||
| 007 | t| | ||
| 008 | 070214s1973 sp r ||||1| spa d | ||
| 100 | 1 |
_aSchmidbauer , Wolfgang. _9104456 |
|
| 245 | 1 | 0 |
_aPsicoterapia _b: su camino desde la magia hasta la ciencia / _cWolfgang Schmidbauer ; [traducción de Ramón Ibero]. |
| 250 | _a1ª ed. | ||
| 260 |
_aBarcelona : _bPlaza y Janés, _c1973 ( _fGuada) |
||
| 300 |
_a296 p. ; _c22 cm. |
||
| 700 | 1 |
_aIbero, Ramón. _964989 |
|
| 852 |
_aES-MaACL _jC-55453 _bR.88117 |
||
| 999 |
_c139924 _d139924 |
||